English Cricketers by Clue - Statistics

General Stats
  • This quiz has been taken 353 times
  • The average score is 9 of 15
Answer Stats
hint player % Correct
Opening batsman and Test Captain from 2012-2018 Alastair Cook
84%
Hit 135* to beat Australia by 1 wicket in August 2019 Ben Stokes
84%
England's only Irish captain Eoin Morgan
83%
Scored 333 v India in 1990 Graham Gooch
80%
Yorkshireman Fiery Fred, once the world record holder for Test wickets Fred Trueman
67%
Played for Gloucestershire from 1870 to 1899 WG Grace
67%
Offspinner who took a world record 10-53 in a test innings Jim Laker
66%
Somerset player who scored 100 runs and took 10 wickets in a Test in 1980 Ian Botham
61%
Dropped for slow scoring after making 246* against India in 1967 Geoff Boycott
59%
Joseph Edward, from Yorkshire, who bowls off-spin Joe Root
54%
A record 261 wicketkeeping ODI dismissals, ahead of Alec Stewart's 163 Jos Buttler
49%
Scored England's first T20 century, 116* against Sri Lanka Alex Hales
42%
His top test innings were 336*, 251, 240 and 231* Wally Hammond
37%
First names Peter Barker Howard, of Surrey Peter May
32%
England's captain 1951-1954 (pictured) Len Hutton
29%
No matching quizzes found
Score Distribution
Percent of People with Each Score
Percentile by Number Answered
Your Score History
You have not taken this quiz